Sourcing prehistoric ceramics at Chodistaas Pueblo, Arizona : the circulation of people and pots in the Grasshopper Region /
Saved in:
| Main Author: | |
|---|---|
| Format: | Book |
| Language: | English |
| Published: |
Tucson :
University of Arizona Press,
1994.
|
| Series: | Anthropological papers of the University of Arizona ;
no. 58. |
| Subjects: | |
| Tags: |
Add Tag
No Tags, Be the first to tag this record!
|
| LEADER | 02364cam a2200397 a 4500 | ||
|---|---|---|---|
| 001 | 005014483-9 | ||
| 005 | 20110223170312.0 | ||
| 008 | 940502s1994 azuab b s001 0 eng | ||
| 010 | |a 94017545 | ||
| 020 | |a 0816514550 (acid-free paper) | ||
| 020 | |a 9780816514557 (acid-free paper) | ||
| 035 | 0 | |a ocm30544015 | |
| 040 | |a DLC |c DLC |d DLC | ||
| 041 | 0 | |a eng |b spa | |
| 043 | |a n-us-az | ||
| 050 | 0 | 0 | |a E99.M76 |b Z43 1994 |
| 082 | 0 | 0 | |a 738.3/09791/35 |2 20 |
| 100 | 1 | |a Zedeño, María Nieves. | |
| 245 | 0 | 0 | |a Sourcing prehistoric ceramics at Chodistaas Pueblo, Arizona : |b the circulation of people and pots in the Grasshopper Region / |c María Nieves Zedeño. |
| 246 | 3 | 0 | |a Circulation of people and pots in the Grasshopper Region |
| 260 | |a Tucson : |b University of Arizona Press, |c 1994. | ||
| 300 | |a xiii, 151 p. : |b ill., maps ; |c 28 cm. | ||
| 490 | 1 | |a Anthropological papers of the University of Arizona ; |v no. 58 | |
| 546 | |a Summary in Spanish. | ||
| 504 | |a Includes bibliographical references (p. 127-143) and index. | ||
| 505 | 0 | |a Foreword / J. Jefferson Reid -- 1. The Provenience of Prehistoric Ceramics -- 2. A Tridimensional Approach to Identifying Ceramic Variation and Manufacturing Loci -- 3. Ceramic Circulation: Behavioral Mechanisms and Archaeological Correlates -- 4. The Ceramic Assemblage at Chodistaas Pueblo -- 5. Ceramic Design Style and Technology: Methods of Analysis -- 6. Clay Survey and Compositional Analysis of Vessels from Chodistaas Pueblo -- 7. Manufacture and Circulation of Corrugated and Plain Pottery -- 8. The Circulation of Cibola White Ware, White Mountain Red Ware, and Roosevelt Red Ware -- 9. Archaeological Ceramics and Prehistoric Behavior -- Appendix A. Identification of Chodistaas Pueblo Vessels by Provenience, Ware, Form, and Temper. | |
| 505 | 8 | |a Appendix B. INAA: Elemental Concentrations of Samples from Decorated and Undecorated Vessels -- Appendix C. ICP Spectroscopy: Elemental Concentrations of Samples from Decorated and Undecorated Vessels. | |
| 650 | 0 | |a Mogollon culture. | |
| 651 | 0 | |a Chodistaas Pueblo (Ariz.) | |
| 650 | 0 | |a Pueblo pottery |z Arizona. | |
| 650 | 0 | |a Pueblo Indians |x Commerce. | |
| 650 | 0 | |a Pueblo Indians |x Antiquities. | |
| 651 | 0 | |a Chodistaas Pueblo (Ariz.) | |
| 830 | 0 | |a Anthropological papers of the University of Arizona ; |v no. 58. | |
| 988 | |a 20020608 | ||
| 906 | |0 DLC | ||


